| 000 | 00356pam a2200145 a 4500 | ||
|---|---|---|---|
| 020 | _c | ||
| 041 | _h | ||
| 082 |
_a658.29999999999995 _bSCO |
||
| 100 | _aScott, W.D. | ||
| 245 |
_aPersonnel Management _hTextual Documents |
||
| 260 |
_aNew Delhi _bTata Mcgraw Hill Publishing Company Ltd |
||
| 300 | _a623/PB | ||
| 700 | _aLothier, R.C. | ||
| 930 | _a7257 | ||
| 999 |
_c114084 _d114084 |
||